| 000 | 01026nam0a22003011 4500 | ||
|---|---|---|---|
| 001 | rc\2309384 | ||
| 005 | 20250623074042.0 | ||
| 035 | _a(NLR Aleph) 006670298 | ||
| 090 |
_a4981907 _c4981907 |
||
| 100 | _a20110829d1977 |||y0rusy50 ca | ||
| 101 | 0 | _arus | |
| 102 | _aRU | ||
| 105 | _aa z ||||| | ||
| 200 | 1 |
_aИрисы _fН.Л. Шарова, Е.Н. Черней, Л.К. Ширева _gАН МССР, Ботан. сад |
|
| 210 |
_aКишинев _cШтиинца _d1977 |
||
| 215 |
_a80 с., 7 л. ил. _cил. _d16 |
||
| 320 | _aСписок лит.: с. 78-79 | ||
| 606 |
_aИрис (бот.) _2rkp |
||
| 700 | 1 |
_aШарова _bН.Л. _gНина Леонидовна |
|
| 701 | 1 |
_aЧерней _bЕ.Н. _gЕвгения Николаевна |
|
| 701 | 1 |
_aШирева _bЛ.К. _gЛеонилла Константиновна |
|
| 801 | 0 |
_aRU _bNLR _gpsbo |
|
| 801 | 1 |
_aRU _bELAR _2rusmarc |
|
| 852 |
_aNLR _j77-2/4027 |
||
| 899 |
_aRuMoRGB _jБ 77-22/1039 |
||
| 899 |
_aRuMoRGB _jБ 77-22/1040 |
||
| 942 | _cBOOK | ||
| 980 | _aNB | ||